NLSUI OPAC header image

Catastroophe : Law, politics and the humanitarian impulse (Record no. 26763)

MARC details
000 -LEADER
fixed length control field 01397nam a2200217Ia 4500
003 - CONTROL NUMBER IDENTIFIER
control field OSt
005 - DATE AND TIME OF LATEST TRANSACTION
control field 20210515150102.0
008 - FIXED-LENGTH DATA ELEMENTS--GENERAL INFORMATION
fixed length control field 160316s2009 xxu||||| |||| 00| 0 eng d
020 ## - INTERNATIONAL STANDARD BOOK NUMBER
International Standard Book Number 9781558497382
040 ## - CATALOGING SOURCE
Transcribing agency nls
082 ## - DEWEY DECIMAL CLASSIFICATION NUMBER
Classification number 344.730500
Item number SAR
100 ## - MAIN ENTRY--PERSONAL NAME
Personal name Sarat Austin
245 ## - TITLE STATEMENT
Title Catastroophe : Law, politics and the humanitarian impulse
260 ## - PUBLICATION, DISTRIBUTION, ETC.
Place of publication, distribution, etc. Boston
Name of publisher, distributor, etc. Massachusetts
Date of publication, distribution, etc. 2009
300 ## - PHYSICAL DESCRIPTION
Extent 202p
Dimensions ix
365 ## - TRADE PRICE
Price amount Rs. 1,426
505 ## - FORMATTED CONTENTS NOTE
Formatted contents note Contact:<br/>Acknowledgments ix;<br/>Introduction: The Challenge of Crisis and Catastrophe in Law and Politics I<br/>AUSTIN SARAT • JAVIER LEZAUN;<br/>1. Crisis and Catastrophe in Science, Law, and Politics: Mapping the Terrain 19<br/>PETER H. SCHUCK;<br/>2. The Real Third Rail of American Politics 60<br/>MICHELE LANDIS DAUBER; 3. New Orleans Everywhere: Bureaucratic Accountability and Housing Policy after Katrina 83<br/>SUSAN M. STERETT;<br/>4. Emergency Management and the Courts in the Wake of Hurricane Katrina 116<br/>THOMAS A. BIRKLAND;<br/>5. Environmental Right-to-Know and the Transmutations of Law 14<br/>KIM FORTUN;<br/>6. Reintegration, or the Explosive Remnants of War 172<br/>PER REDIIELD EDWARD B. RACKLIY;<br/>Notes on Cont rihutors 167;<br/>Index 195.
650 ## - SUBJECT ADDED ENTRY--TOPICAL TERM
Topical term or geographic name entry element 1. Disaster Relief - Law & Legislation - U S A2. Emergency Management - Law & Legislation - U S A 3. Disaster Relief - Political Aspects - U S A
700 ## - ADDED ENTRY--PERSONAL NAME
Personal name Lezaun Javier
--
942 ## - ADDED ENTRY ELEMENTS (KOHA)
Source of classification or shelving scheme Dewey Decimal Classification
Koha item type BOOKs
Holdings
Withdrawn status Lost status Damaged status Not for loan Home library Current library Shelving location Date acquired Cost, normal purchase price Total Checkouts Full call number Barcode Date last seen Price effective from Koha item type
        NLS NLS   30/05/2017 1426.00   344.7305 SAR 24260 30/05/2017 30/05/2017 BOOKs